Normal view
MARC view
Entry Personal Name
001 - CONTROL NUMBER
- control field: 1235220
003 - CONTROL NUMBER IDENTIFIER
- control field: OSt
005 - DATE AND TIME OF LATEST TRANSACTION
- control field: 20260420162729.0
008 - FIXED-LENGTH DATA ELEMENTS
- fixed length control field: 260420|| aca||aabn | a|a d
040 ## - CATALOGING SOURCE
- Original cataloging agency: OSt
- Transcribing agency: OSt
100 ## - HEADING--PERSONAL NAME
- Personal name: Smith, Karen
670 ## - SOURCE DATA FOUND
- Source citation: Work cat.: (OSt)1679927: Bilgin, Pinar 1116144, Thinking globally aout world politics: , 2024.
